Dívida pública : (Record no. 1094)

MARC details
000 -LÍDER
Campo Fixo de Controle 00753nam a2200229 a 4500
001 - NÚMERO DE CONTROLE
Campo de Controle 1094
003 - IDENTIFICAÇÃO DO NÚMERO DE CONTROLE
Campo de Controle BR-CuiBMT
005 - DATA E HORA DA ÚLTIMA ATUALIZAÇÃO
Campo de Controle 20231128182246.0
008 - DADOS FIXOS
Dados Fixos 231128s2009 dtbaaaa 001 0 por d
020 ## - INTERNATIONAL STANDARD BOOK NUMBER
Nº do ISBN 9788587841346
040 ## - AGÊNCIA CATALOGADORA
Código da Agência Catalogadora BR-CuiBMT
Agência que transcreveu o registro BR-CuiBMT
080 ## - Nº DA CLASSIFICAÇÃO DECIMAL UNIVERSAL
Nº edição CDU 2007
Nº Class. CDU 336.27
090 ## - NÚMERO DE CHAMADA
Nº classificação 336.27
Cutter D618
245 00 - TÍTULO PRINCIPAL
Título principal Dívida pública :
Subtítulo a experiência brasileira /
Indicação de responsabilidade [organizadores: Anderson Caputo Silva ... et al.].
260 ## - PUBLICAÇÃO, DISTRIBUIÇÃO, ETC.
Local de publicação Brasília :
Editora Secretaria do Tesouro Nacional,
-- Banco Mundial,
Data 2009.
300 ## - DESCRIÇÃO FÍSICA
N. páginas ou volumes 502 p. :
Ilustrações il. color. ;
Dimensões 25 cm
504 ## - NOTA DE BIBLIOGRAFIA, ETC.
Nota de bibliografia Inclui bibliografia e índice.
650 ## - ASSUNTO TÓPICO
Cabeçalho tópico ou nome geográfico Dívida pública
Subdivisão geográfica Brasil
650 ## - ASSUNTO TÓPICO
Cabeçalho tópico ou nome geográfico Planejamento estratégico
700 1# - ENTRADA SECUNDÁRIA -- NOME PESSOAL
Nome pessoal Silva, Anderson Caputo
Termo de relação org.
-- et al.
942 ## - ELEMENTOS DE ENTRADA ADICIONAIS (KOHA)
Fonte de classificação ou esquema de arquivamento Classificação Decimal Universal
Tipo de item do Koha Livros
Holdings
Estado: removido Estado: perdido Fonte de classificação ou esquema de arquivamento Estado: danificado Indisponível para empréstimo Localização permanente Localização atual Data de aquisição Total Checkouts Número de Chamada completo Código de barras Date last seen Número do exemplar Preço efetivo a partir de Tipo de item (Koha)
    Classificação Decimal Universal     Biblioteca da Escola Superior de Contas do TCE/MT Biblioteca da Escola Superior de Contas do TCE/MT 28/11/2023   336.27 D618 BIBTCEMT23111258 28/11/2023 Ex. 1 28/11/2023 Livros

Powered by Koha